[Event "BAN-chT 1st League"]
[White "Imam, Farhadur"]
[Black "Alam, Mahbubul"]
[Site "Dhaka"]
[Round "6.3"]
[Result "0-1"]
[Date "2021.03.02"]
[WhiteElo "2033"]
[BlackElo "1980"]
[PlyCount "64"]
[EventDate "2021.02.25"]
[EventType "team-tourn"]
[EventRounds "11"]
[EventCountry "BAN"]
[SourceTitle "EXT 2022"]
[Source "ChessBase"]
[SourceDate "2021.10.06"]
[SourceVersion "1"]
[SourceVersionDate "2021.10.06"]
[SourceQuality "1"]
[WhiteTeam "Agrani Bank Daba Dal"]
[BlackTeam "Morning Glory"]
[WhiteTeamCountry "BAN"]
[BlackTeamCountry "BAN"]

1. e4 c5 2. Nf3 d6 3. d4 cxd4 4. Nxd4 Nf6 5. Nc3 g6 6. g3 Bg4 7. Bb5+ Bd7 8. Bg5 Bg7 9. Qe2 h6 10. Be3 0-0 11. f3 Nc6 12. Nxc6 bxc6 13. Bd3 Rb8 14. Rb1 Ng4 15. fxg4 Bxc3+ 16. Kf2 Bg7 17. b3 Qa5 18. a4 d5 19. Rhd1 f5 20. gxf5 gxf5 21. exd5 cxd5 22. Qd2 Bc3 23. Qe2 Rf6 24. Bf4 e5 25. Bc4 Bc6 26. Bxe5 Re8 27. Bxf6 Rxe2+ 28. Bxe2 Bxf6 29. Bf3 Qc5+ 30. Kg2 d4 31. Rd2 Qc3 32. Rd3 Qxc2+ 0-1

[Event "BAN-chT 1st League"]
[White "Imam, Farhadur"]
[Black "Mollah, Istiak Ahmed"]
[Site "Dhaka"]
[Round "3.3"]
[Result "0-1"]
[Date "2021.02.27"]
[WhiteElo "2033"]
[BlackElo "1896"]
[PlyCount "64"]
[EventDate "2021.02.25"]
[EventType "team-tourn"]
[EventRounds "11"]
[EventCountry "BAN"]
[SourceTitle "EXT 2022"]
[Source "ChessBase"]
[SourceDate "2021.10.06"]
[SourceVersion "1"]
[SourceVersionDate "2021.10.06"]
[SourceQuality "1"]
[WhiteTeam "Agrani Bank Daba Dal"]
[BlackTeam "Kasparov CC"]
[WhiteTeamCountry "BAN"]
[BlackTeamCountry "BAN"]

1. e4 e5 2. Nf3 Nc6 3. d4 exd4 4. Nxd4 Bc5 5. Nxc6 bxc6 6. Bc4 Qf6 7. 0-0 Ne7 8. Qh5 d6 9. Bg5 Qg6 10. Qh4 Be6 11. Bd3 f6 12. Bd2 Qg4 13. Qxg4 Bxg4 14. a4 Rb8 15. Bc3 Be6 16. Nd2 Ng6 17. Rfb1 Bb4 18. Bc4 Bxc4 19. Nxc4 Bxc3 20. bxc3 Kd7 21. Rb4 Nf4 22. Kf1 Rxb4 23. cxb4 Rb8 24. Rb1 Ne6 25. c3 Nc5 26. e5 Nxa4 27. exd6 Nxc3 28. dxc7 Kxc7 29. Ra1 Rxb4 30. Nd2 Kb6 31. Rc1 Ne4 32. Nc4+ Rxc4 0-1

[Event "Dhaka Marcel 1st Division"]
[White "Imam, Farhadur"]
[Black "Mukitul, Islam Ripon"]
[Site "Dhaka"]
[Round "9.1"]
[Result "0-1"]
[Date "2019.11.20"]
[WhiteElo "2033"]
[BlackElo "1880"]
[PlyCount "42"]
[EventDate "2019.11.12"]
[EventType "team-tourn"]
[EventRounds "9"]
[EventCountry "BAN"]
[SourceTitle "CBM 193 Extra"]
[Source "ChessBase"]
[SourceDate "2020.01.31"]
[SourceVersion "1"]
[SourceVersionDate "2020.01.31"]
[SourceQuality "1"]
[WhiteTeam "Basir Memorial"]
[BlackTeam "Agrani Bank Daba Dal"]
[WhiteTeamCountry "BAN"]
[BlackTeamCountry "BAN"]

1. e4 c5 2. Nf3 Nc6 3. d4 cxd4 4. Nxd4 Nf6 5. Nc3 d6 6. Bg5 e6 7. Bb5 Bd7 8. 0-0 Be7 9. Qd2 a6 10. Ba4 0-0 11. Rad1 b5 12. Bb3 b4 13. Bxf6 Bxf6 14. Nce2 Nxd4 15. Nxd4 Qb6 16. c4 bxc3 17. bxc3 Rfd8 18. f4 e5 19. fxe5 dxe5 20. Qf2 exd4 21. cxd4 Bb5 0-1

[Event "BAN-chT2"]
[White "Samrat, Ghorai"]
[Black "Imam, Farhadur"]
[Site "Dhaka"]
[Round "3.3"]
[Result "0-1"]
[Date "2017.10.24"]
[WhiteElo "2108"]
[BlackElo "2075"]
[PlyCount "108"]
[EventDate "2017.10.22"]
[EventType "team-swiss"]
[EventRounds "7"]
[EventCountry "BAN"]
[SourceTitle "CBM 181 Extra"]
[Source "ChessBase"]
[SourceDate "2017.12.12"]
[SourceVersion "1"]
[SourceVersionDate "2017.12.12"]
[SourceQuality "1"]
[WhiteTeam "Uttara Central CC"]
[BlackTeam "Dhaka Knights"]
[WhiteTeamCountry "BAN"]
[BlackTeamCountry "BAN"]

1. e4 e6 2. d4 d5 3. Nc3 dxe4 4. Nxe4 Nd7 5. Nf3 Ngf6 6. Bd3 Nxe4 7. Bxe4 Nf6 8. Bd3 c5 9. c3 cxd4 10. Nxd4 Be7 11. Qe2 0-0 12. 0-0 Qd5 13. Be3 b6 14. c4 Qd7 15. Rfd1 Bb7 16. f3 Bc5 17. Kh1 Qe7 18. a3 Rad8 19. Bc2 Nh5 20. b4 Bd6 21. Qf2 Be5 22. Rd2 Qc7 23. Qh4 g6 24. Nb5 Qb8 25. Rad1 Rxd2 26. Rxd2 a6 27. Nd4 Qc7 28. Bb3 Bf6 29. Qf2 Qe5 30. f4 Qc7 31. Nc2 Qc6 32. Nd4 Qc8 33. Nf3 a5 34. Bxb6 axb4 35. axb4 Nxf4 36. b5 Qa8 37. Ra2 Qb8 38. c5 Bd5 39. Bxd5 Nxd5 40. Ra6 Qf4 41. g3 Qc4 42. Ra5 Bc3 43. Ra7 Qxb5 44. Kg2 Qc6 45. Kh3 h6 46. Ra6 e5 47. Qc2 e4 48. Qxe4 Qc8+ 49. Kg2 Qxa6 50. Qxd5 Qe2+ 51. Kg1 Qe3+ 52. Kg2 g5 53. Bc7 g4 54. Nh4 Bd4 0-1

[Event "BAN-chT2"]
[White "Imam, Farhadur"]
[Black "Rahman, Siddiqur"]
[Site "Dhaka"]
[Round "5.2"]
[Result "0-1"]
[Date "2016.11.07"]
[WhiteElo "2120"]
[BlackElo "2066"]
[PlyCount "96"]
[EventDate "2016.11.03"]
[EventType "team-swiss"]
[EventRounds "7"]
[EventCountry "BAN"]
[SourceTitle "CBM 175 Extra"]
[Source "ChessBase"]
[SourceDate "2016.12.12"]
[SourceVersion "1"]
[SourceVersionDate "2016.12.12"]
[SourceQuality "1"]
[WhiteTeam "Sonargaon CC"]
[BlackTeam "Esoft Arena"]
[WhiteTeamCountry "BAN"]
[BlackTeamCountry "BAN"]

1. e4 e6 2. d4 d5 3. exd5 exd5 4. Nf3 Nf6 5. Bg5 c6 6. Bd3 Bg4 7. 0-0 Be7 8. Nbd2 0-0 9. Re1 Nbd7 10. c3 Re8 11. Qc2 Nf8 12. Ne5 Bh5 13. f4 N6d7 14. Bxe7 Rxe7 15. Ndf3 f6 16. Nxd7 Qxd7 17. Bf5 Qd6 18. Rxe7 Qxe7 19. g4 Bg6 20. Nh4 Qe3+ 21. Qf2 Qxf2+ 22. Kxf2 Bf7 23. Re1 g6 24. Bc2 Re8 25. Rxe8 Bxe8 26. g5 Ne6 27. f5 fxg5 28. Nxg6 Bxg6 29. fxg6 h6 30. Bf5 Nd8 31. Kf3 Kg7 32. a4 b6 33. b4 Kf6 34. a5 bxa5 35. bxa5 Nb7 36. a6 Nd6 37. Bd7 Nb5 38. Bxc6 Nxc3 39. Ke3 Kxg6 40. Kd3 Na2 41. Bxd5 Nb4+ 42. Kc4 Nxa6 43. Bb7 Nc7 44. d5 Kf6 45. Kc5 Ke5 46. d6 Ne6+ 47. Kb5 Kxd6 48. Bf3 Nd4+ 0-1